| 000 | 01799nam a22002537a 4500 | ||
|---|---|---|---|
| 999 |
_c58449 _d58449 |
||
| 003 | Ge_BSU | ||
| 005 | 20221221132804.0 | ||
| 008 | 220215s2022ge xxu||||| |||| 00| 0 geo d | ||
| 041 | _ageo | ||
| 080 | _a81 გ-69 | ||
| 100 |
_aგორგაძე,ლია _913538 |
||
| 245 |
_aარსებითი სახელი გამოყენებისათვის სხვადასხვა სტრუქტურის მქონე ენებში / _cლია გორგაძე, სამეცნ.ხელმძღ. ლევან ხალვაში. |
||
| 264 |
_aბათუმი, _c2022. |
||
| 300 |
_a124 გვ.: _c29 სმ. |
||
| 501 | _aდანართი გვ:117-124 | ||
| 504 | _aბიბლიოგრაფ გვ: 1014-116 | ||
| 653 | _aარსებითი სახელი გამოყენებისათვის სხვადასხვა სტრუქტურის მქონე ენებში | ||
| 653 | _aენათმეცნიერება | ||
| 653 | _aნაშრომი წარმოდგენილია ფილილოფიის დოქტორის აკადემიური ხარისხის მოსაპოვებლად | ||
| 700 |
_aხალვაში ლევან _eსამეცნიერო ხელმძღვანელი _910149 |
||
| 710 |
_aბათუმის შოთა რუსთაველის სახელმწიფო უნივერსიტეტი _913539 |
||
| 710 |
_aჰუმანიტარულ მეცნიერებათა ფაკულტეტი ქართული ფილოლოგიის დეპარტამენტი _913540 |
||
| 942 |
_2udc _cDS |
||